[Event "Sabadell Open 2018"]
[Site "Sabadell"]
[Date "2018.09.02"]
[Round "2"]
[White "Stella, Andrea"]
[Black "Giron, Jorge Ernesto"]
[Result "1-0"]
[WhiteElo "2508"]
[BlackElo "2303"]
[Annotator "TA"]
[PlyCount "67"]
[EventDate "2018.09.01"]
[EventType "swiss"]
[EventCountry "ESP"]
[SourceTitle "playchess.com"]
[Source "ChessBase"]
[SourceQuality "1"]

{[%evp 21,67,96,110,104,172,175,172,154,236,224,246,245,254,261,263,256,281,288,339,340,372,341,364,352,390,340,454,485,484,440,481,464,494,501,493,502,519,517,516,502,499,505,564,563,547,546,553,540]} 1. d4 {Ftacnik,L} Nf6 2. Nf3 e6 3. g3 b6 4. Bg2 Bb7 5. O-O Be7 6. c4 O-O 7. Re1 d6 8. Nc3 Ne4 {E18: Queen's Indian: Old Main Line (4 g3 Bb7 5 Bg2 Be7 6 0-0 0-0 7 Nc3)} 9. Qc2 Nxc3 10. Ng5 Bxg5 11. Bxb7 {[#]} Bxc1 $1 {[%mdl 512] LiveBook: 3 Games} 12. Bxa8 (12. Raxc1 Nxa2) 12... Bh6 $146 (12... Nxe2+ $16 13. Rxe2 (13. Qxe2 Bg5 $16) 13... Bg5) ({Predecessor:} 12... Nxe2+ 13. Rxe2 Bg5 14. Bg2 Bf6 15. Rd1 Qc8 16. b4 {1-0 (33) Kunte,A (2568)-Sharbaf,M (2403) Kish 2005 CBM 106 [Ftacnik,L]}) 13. Qxc3 $18 c6 14. d5 cxd5 (14... exd5 $16 15. cxd5 c5) 15. cxd5 e5 16. Bc6 f5 17. e3 {[%cal Be2e3,Be3e4,Be4f5][%mdl 32]} g5 18. e4 g4 19. exf5 Qg5 20. Qc2 Bg7 21. Rac1 h5 22. Qe4 Na6 {and the idea ...Nc5 leaves Black hopeful.} 23. b4 Qxf5 24. Qxf5 {White is clearly winning.} Rxf5 25. a3 Bh6 26. Rc2 Rf3 27. Ra1 Rf8 28. Bb5 Nb8 29. Rc7 a6 30. Bc6 Bg5 31. Ra2 h4 32. gxh4 Bxh4 33. a4 Bf6 34. Re2 {Precision: White = 87%, Black = 12%.} 1-0

[Event "Sabadell Open 2018"]
[Site "Sabadell"]
[Date "2018.09.02"]
[Round "2"]
[White "Aguero Jimenez, Luis Lazaro"]
[Black "Jimenez Ruano, Adrian"]
[Result "1-0"]
[WhiteElo "2483"]
[BlackElo "2244"]
[Annotator "TA"]
[PlyCount "233"]
[EventDate "2018.09.01"]
[EventType "swiss"]
[EventCountry "ESP"]
[SourceTitle "playchess.com"]
[Source "ChessBase"]
[SourceQuality "1"]

{[%evp 9,233,0,13,0,5,11,11,3,41,29,29,29,25,31,27,20,26,26,24,24,26,28,32,0,-4,-82,-7,-91,-89,-87,-36,-75,-76,-98,-95,-91,-93,-77,-88,-81,0,-83,-59,-55,-61,-62,-24,-23,-12,-9,0,0,0,0,-7,0,0,0,0,0,0,0,50,0,0,-169,149,-185,-166,-164,-13,-9,18,0,40,37,121,0,0,0,0,0,0,0,0,0,15,15,33,34,35,34,35,34,34,33,41,41,39,34,42,42,42,8,8,8,42,8,8,8,8,8,8,8,8,8,8,8,8,8,42,42,42,42,42,42,42,42,42,42,42,42,42,42,42,42,42,8,8,0,42,42,42,42,42,42,42,42,42,42,42,42,42,42,42,42,42,42,42,42,42,42,42,42,42,42,42,42,29964,29963,29962,29963,29961,12796,29973,29973,29973,29974,29975,29976,29976,29977,29974,29976,29982,29975,29975,29974,29969,29962,29980,29981,29985,29986,29987,29988,29988,29989,29989,29988,29988,29989,29988,29987,29987,29988,29988,29989,29990,29990,29990,29991,29991,29992,29993,29994,29994,29995,29995,29994,29994,29995,29995,29996,29996,29996]} 1. d4 Nf6 2. Bf4 b6 (2... b5 3. e3 Bb7 4. Nf3 a6 5. c4 bxc4 6. Bxc4 e6 7. Nc3 d5 8. Bd3 Nbd7 9. O-O Be7 10. Na4 c5 11. Nxc5 Nxc5 12. dxc5 Bxc5 13. Rc1 {½-½ (81) Caruana,F (2816)-Vachier Lagrave,M (2789) Paris 2018}) 3. a4 $146 ({Predecessor:} 3. e3 Bb7 4. h3 c5 5. Nf3 g6 6. Be2 Bg7 7. O-O O-O 8. c3 d6 9. Bh2 Nbd7 10. a4 a6 11. Nbd2 Qc7 12. Bd3 cxd4 13. cxd4 Nd5 14. Qb3 Bh6 15. Rac1 Qb8 16. Bc4 N7f6 17. Ne4 b5 18. axb5 axb5 19. Nxf6+ Nxf6 {½-½ (33) Nisipeanu,L (2657)-Illescas Cordoba,M (2605) Barcelona 2018}) 3... a6 4. e3 Bb7 5. Nd2 g6 6. a5 {A45: Trompowsky Attack} b5 7. Ngf3 Bg7 8. c4 {The position is equal.} c6 9. h3 O-O 10. Be2 d6 11. O-O Nbd7 12. Bh2 c5 13. d5 Ne8 14. Qc2 b4 15. e4 e5 16. dxe6 fxe6 17. Rad1 (17. e5 $11) 17... Qe7 ({Of course not} 17... Qxa5 $6 18. Ng5 $14) (17... e5 $1 $17) 18. Nb3 (18. e5 $11 {remains equal.}) 18... e5 $17 19. Bg3 Nb8 (19... Ndf6 $17 20. Bh4 h6) 20. Qd3 Nc6 21. Bh4 Bf6 22. Bxf6 Rxf6 23. Nh2 Nd4 24. Ng4 {[%cal Rb3d4]} Rf4 (24... Rf8 $1 $17) 25. f3 (25. Nxd4 $11 {keeps the balance.} exd4 26. f3) 25... Ng7 26. Nxd4 exd4 27. Qd2 Rff8 28. Bd3 Rae8 29. Rde1 Qh4 30. e5 dxe5 31. Be4 Bxe4 32. Rxe4 Qd8 33. Rfe1 Nf5 34. Rxe5 Rxe5 35. Rxe5 Qc7 36. Qg5 Kg7 37. f4 $2 (37. Rd5 $11 {and White is okay.}) 37... Rf7 $2 {[#]} ({Inferior is} 37... Qxa5 38. Rxf5 $1 {[%mdl 512]} Qa1+ 39. Kh2 $11) (37... d3 $1 $19 38. Nf2 d2) 38. Rd5 $2 {[%mdl 8192]} (38. h4 $1 $16 {is necessary to keep the advantage.}) 38... h6 $19 ({Not} 38... Qxa5 39. Ne5 $11) 39. Qd8 Qxd8 $2 (39... Qxf4 $19 40. Rd7 Ng3 41. Rxf7+ Qxf7) 40. Rxd8 {[%mdl 4096] Endgame KRN-KRN} Re7 41. Kf2 h5 42. Ne5 g5 43. Rd5 ({Better is} 43. Nd3 $16) 43... Ne3 $1 $11 {[%cal Re3d5]} 44. Rxc5 Nd1+ 45. Kf1 Nxb2 {aiming for ...b3.} 46. Nc6 Re4 {And now ...b3 would win.} 47. Nxb4 d3 48. Rxg5+ Kh6 49. Rd5 Nxc4 50. Rxd3 {Strongly threatening Nd5.} Rxf4+ 51. Kg1 Nxa5 52. Nxa6 Rf6 53. Nc5 Nc4 54. Ne4 Re6 55. Rd4 Ne3 56. Rd6 Rxd6 57. Nxd6 {KN-KN} Nd5 58. g3 Kg5 59. Ne4+ Kf5 60. Nc5 Kg5 61. Nd3 Ne3 62. Kf2 Nd5 63. Kf3 Nf6 64. Nf2 Nd7 65. Ke4 Nc5+ 66. Kd5 Nb3 67. Ke5 Nc1 68. Ne4+ Kg6 69. h4 Nd3+ 70. Ke6 Ne1 71. Nd6 Nf3 72. Nf5 Ng1 73. Ne7+ Kg7 $1 74. Nf5+ Kg6 75. Nd4 Nh3 76. Ne2 {White threatens Nf4+ and mate.} Nf2 77. Nf4+ Kh6 78. Kf5 Nh1 79. Ne2 Nf2 80. Kf6 Ng4+ 81. Kf7 Ne5+ 82. Ke6 Nf3 83. Kf6 Nh2 84. Nd4 {Threatens to win with Nf5+.} Ng4+ 85. Ke6 Nh2 86. Kf7 Ng4 $1 87. Nf5+ Kh7 88. Ne7 Ne5+ $2 {[%mdl 8192]} (88... Nf2 $14) 89. Kf6 Nf3 90. Nf5 Nd2 91. Kg5 Ne4+ 92. Kxh5 {White mates.} Nf6+ 93. Kg5 Ne4+ 94. Kf4 Nc5 95. g4 Kg6 96. h5+ Kh7 97. Ke5 Nd3+ 98. Kf6 Nf2 99. Kg5 Nh3+ {[#]} 100. Kh4 $1 Nf4 101. g5 {[%cal Bg4g5,Bg5g6][%mdl 32]} Kh8 102. g6 Ne6 103. h6 Kg8 104. h7+ Kh8 105. Nd6 Kg7 106. Nf7 Kxg6 107. h8=Q Kxf7 108. Kg4 Ng7 109. Qh7 Kf6 110. Qh6+ Kf7 111. Kf4 Ne6+ 112. Ke5 Nf8 113. Qf6+ Kg8 114. Kd6 Nh7 115. Qg6+ Kh8 116. Ke7 Nf8 117. Qf6+ {Precision: White = 60%, Black = 58%.} 1-0

[Event "Sabadell Open 2018"]
[Site "Sabadell"]
[Date "2018.09.02"]
[Round "2"]
[White "Lorenzo De La Riva, Lazaro"]
[Black "Gomez Jurado, Luis Alberto"]
[Result "1-0"]
[WhiteElo "2399"]
[BlackElo "2235"]
[Annotator "TA"]
[PlyCount "215"]
[EventDate "2018.09.01"]
[EventType "swiss"]
[EventCountry "ESP"]
[SourceTitle "playchess.com"]
[Source "ChessBase"]
[SourceQuality "1"]

{[%evp 21,215,7,70,-8,0,0,1,0,0,0,-2,-16,0,0,21,0,26,31,30,21,29,0,0,0,71,25,67,38,97,104,103,97,110,112,114,114,114,101,114,114,102,106,114,114,107,104,102,86,82,71,147,147,147,142,142,142,162,154,182,182,191,120,222,222,222,222,222,222,222,222,222,222,222,222,222,222,222,222,222,222,222,222,222,222,222,222,222,222,222,222,312,222,222,222,222,222,222,222,357,222,312,222,222,222,222,222,358,222,222,222,222,222,222,222,222,222,222,222,222,222,222,222,222,222,222,222,222,222,222,222,222,222,222,222,222,222,222,209,209,209,209,215,215,140,140,140,164,140,140,0,187,187,204,204,204,140,187,187,187,187,29959,29962,29960,29963,29962,29961,29954,29963,29971,29958,29970,29952,29952,1124,29956,29963,29963,29965,29964,29967,29988,29989,29989,29984,29984,29985,29985,29986,29986,29983,29983,29984,29989,29990,29990,29991]} 1. e4 c5 2. Nf3 Nc6 3. d4 cxd4 4. Nxd4 Nf6 5. Nc3 e5 6. Ndb5 d6 7. Bg5 a6 8. Na3 b5 9. Nd5 Be7 10. Bxf6 Bxf6 11. c4 O-O {LiveBook: 23 Partien. B33: Sizilianisch (Lasker/Pelikan/Sweschnikow-Variante)} (11... b4 $11 12. Nc2 O-O) (11... b4 12. Nc2 O-O 13. g3 Rb8 14. b3 Be6 15. h4 Rb7 16. Rc1 a5 17. Bh3 Bxd5 18. cxd5 Na7 19. Bf1 {1-0 (78) Morozevich,A (2665)-Dubov,D (2701) Moscow 2018}) 12. Nc2 (12. cxb5 $14 Nd4 13. bxa6) 12... Rb8 13. cxb5 axb5 {Die Stellung ist ausgeglichen.} 14. Be2 Bg5 15. O-O Be6 $146 ({Vorgänger:} 15... g6 16. b4 f5 17. Nc3 Kh8 18. f3 Be6 19. Kh1 {0-1 (54) Pezzolato,M (1845)-Poletti,F (1904) Mogliano Veneto 2013}) 16. Ndb4 Nxb4 17. Nxb4 Qb6 18. Bg4 {Schwarz sollte Lxe6 verhindern.} Rbc8 19. Bxe6 fxe6 20. Qg4 $1 {[%csl LRe6,LRg5]} Qd4 $1 21. a3 $36 {[%mdl 2048] Weiss hat Druck.} Bc1 22. Nd3 Qxd3 (22... Bxb2 $11 {hält das Gleichgewicht.} 23. Nxb2 (23. Qxe6+ Kh8 $11) 23... Rc2 24. Qxe6+ Kh8) 23. Raxc1 Rxc1 24. Rxc1 $11 {[%mdl 4096] Endspiel KDT-KDT} Qd2 (24... h6 $14) 25. Qxe6+ $16 Kh8 {[%cal Rd2c1]} 26. Rf1 Qxb2 27. Qxd6 {[%cal Rd6f8]} Ra8 28. Qd5 {[%cal Rd5a8]} Rf8 29. g3 h6 30. Qd3 Kh7 31. Kg2 Rf6 32. h4 Kg6 33. Qe3 Ra6 34. Qc5 (34. Qf3 {seems wilder.} Rf6 35. Qd3 Rf8 36. Qd6+ Rf6 37. Qc5) 34... Kh7 35. Qb4 Qxa3 (35... Qxb4 $142 36. axb4 Ra4) 36. Qxb5 Qd6 37. Qe2 Ra4 38. Re1 Qe6 39. Qf3 Qg6 40. h5 Qe6 41. Rd1 (41. Qf8 $18) 41... Ra8 (41... Ra7 $16 42. Qf5+ Qxf5 43. exf5 e4) 42. Qf5+ $1 $18 Qxf5 43. exf5 {KT-KT} e4 {[#]} 44. Rd7 $1 Kg8 45. Re7 Ra4 46. g4 Kf8 47. Re6 Kf7 {[#]} 48. Kf1 $1 e3 49. f3 ({Schwächer ist} 49. fxe3 Rxg4 50. e4 Rg5 $14) 49... Ra3 50. Ke2 Rb3 51. Rxe3 Rb2+ 52. Kd3 Rb4 53. Re6 Rb3+ 54. Ke4 Rb4+ 55. Ke3 Ra4 (55... Rb3+ $142 56. Kf4 Rb2) 56. Rg6 Ra3+ 57. Kf4 Ra4+ 58. Kg3 Rb4 59. Ra6 Rc4 (59... Rb3 $142 60. Ra7+ Kf6 61. Ra6+ Kf7) 60. Re6 Ra4 (60... Rc3 {war einen Versuch wert.} 61. Kf4 Ra3) 61. Re4 Ra3 62. Kf4 Rb3 63. Ra4 Rc3 (63... Kf6 $142 64. Ra6+ Kf7) 64. Ra7+ Kf6 65. Ra6+ Kf7 66. Rg6 Rc4+ 67. Ke5 Rc5+ 68. Kd4 Ra5 69. Rd6 Ra1 70. Ke4 Re1+ 71. Kf4 Ra1 72. Rd4 Ra5 73. Rb4 Ra1 74. Rc4 Rb1 75. Rd4 Ra1 76. Rd6 Rb1 77. Rg6 Rb4+ 78. Kg3 Rb5 79. f6 gxf6 80. Rxh6 {Droht stark Th7+.} Kg7 81. Rg6+ Kf7 82. g5 fxg5 83. Kg4 Ra5 84. Rb6 Kg7 85. Rg6+ Kf7 $1 86. Rxg5 Ra4+ 87. f4 Ra1 88. Rb5 Kf6 89. Rb6+ Kf7 90. Kg5 Rg1+ $2 (90... Rf1 $18 91. h6 Rg1+ 92. Kf5 Rh1 93. Rb7+ Kg8) 91. Kf5 Ra1 92. Rb7+ Kg8 93. Kg5 Ra5+ 94. f5 Ra6 95. Re7 Rb6 96. Re6 Rb7 97. Ra6 (97. Rg6+ $142 Kh8 98. Re6 Rb1 99. Kg6 Rg1+ 100. Kf7 Rg7+ 101. Kf8 Rg8+ 102. Ke7) 97... Kg7 98. h6+ {[%cal Bh5h6,Bh6h7][%mdl 32] Weiß setzt Matt.} Kh7 99. Re6 Ra7 100. Re5 Rb7 101. f6 Rb1 102. Re7+ Kg8 103. h7+ Kh8 104. f7 {[%cal Rf7f8]} Rg1+ 105. Kh4 Rh1+ 106. Kg3 {[%cal Rf7f8]} Rf1 107. Re8+ Kxh7 108. f8=Q {Precision: Weiß = 67%, Schwarz = 49%.} 1-0

[Event "Sabadell Open 2018"]
[Site "Sabadell"]
[Date "2018.09.02"]
[Round "2"]
[White "Valenzuela Gomez, Fernando"]
[Black "Aroshidze, Levan"]
[Result "0-1"]
[WhiteElo "2384"]
[BlackElo "2513"]
[Annotator "TA"]
[PlyCount "58"]
[EventDate "2018.09.01"]
[EventType "swiss"]
[EventCountry "ESP"]
[SourceTitle "playchess.com"]
[Source "ChessBase"]
[SourceQuality "1"]

{[%evp 20,58,60,24,20,15,47,71,63,68,65,66,81,59,48,0,0,0,0,-109,-114,-155,-174,-168,-164,-204,-205,-204,-189,-433,-433,-430,-430,-417,-424,-684,-684,-684,-677,-1036,-835]} 1. Nf3 c5 2. c4 Nf6 3. Nc3 b6 4. e4 d6 5. d4 cxd4 6. Nxd4 Bb7 7. f3 e6 8. Be3 Be7 9. Be2 {A31: Englische Eröffnung (Symmetrische Variante)} O-O 10. Qd2 a6 11. O-O-O {LiveBook: 6 Partien. Weiß steht etwas besser.} Nc6 12. Kb1 b5 $146 ({Vorgänger:} 12... Rc8 13. g4 Na5 14. g5 Nd7 15. b3 Ne5 16. h4 {1-0 (41) Bischoff,K (2564)-Atlas,V (2477) Austria 2003}) 13. cxb5 Nxd4 14. Bxd4 axb5 15. Bxb5 d5 {[%cal Rd5e4]} 16. e5 Nd7 17. Qe3 Ba6 18. Bxd7 Qxd7 19. Bc5 (19. b3 $11 {hält das Gleichgewicht.}) 19... Bc4 20. Bxe7 Qxe7 21. Rd2 Rfb8 {[%mdl 1024] Schwarz hat starke Kompensation.} 22. Rc2 Qb4 23. Rd1 {[#]} Qa5 $1 {[%cal Rc4a2]} 24. a4 $2 (24. Kc1 {war die einzige Verteidigung.}) 24... Bb3 $1 $19 {[%csl LRa4,LRc2]} 25. Rd4 Bxc2+ 26. Kxc2 Rb4 {zielt auf ...Dc5 ab.} 27. b3 (27. Qd2 $142) 27... Qc5 28. Rd3 d4 29. Qe4 Rc8 {Precision: Weiß = 42%, Schwarz = 78%.} 0-1

[Event "Sabadell Open 2018"]
[Site "Sabadell"]
[Date "2018.09.02"]
[Round "2"]
[White "Abhishek, Das"]
[Black "Gonzalez Garcia, Jose"]
[Result "1/2-1/2"]
[WhiteElo "2312"]
[BlackElo "2497"]
[Annotator "TA"]
[PlyCount "47"]
[EventDate "2018.09.01"]
[EventType "swiss"]
[EventCountry "ESP"]
[SourceTitle "playchess.com"]
[Source "ChessBase"]
[SourceQuality "1"]

{[%evp 26,47,9,0,0,0,0,0,0,0,0,0,0,0,0,0,0,0,0,0,0,0,0,0]} 1. e4 e6 2. d4 d5 3. Nc3 Bb4 4. exd5 exd5 5. Bd3 Nc6 6. a3 Bxc3+ 7. bxc3 Nge7 8. Qh5 Be6 9. Nf3 Qd7 {C01: French: Exchange Variation} 10. Ng5 O-O-O 11. O-O (11. Nxe6 fxe6 12. O-O Rdf8 13. a4 Nf5 14. Ba3 Re8 15. Rfe1 g6 16. Qg5 e5 17. dxe5 Nxe5 {1-0 (44) Andreikin,D (2720)-Hansen,E (2573) Berlin 2015}) 11... Bg4 12. Qxf7 h6 13. f3 Rdf8 14. Qxg7 {LiveBook: 4 Games. The position is equal.} Bf5 $1 {[%cal Rf5d3]} 15. Nf7 Rhg8 16. Ne5 $1 {[%cal Re5d7]} Rxg7 17. Nxd7 Rfg8 $1 18. Bxf5 $1 Nxf5 19. Nf6 $1 {[%csl LRd5,LRg8]} Rxg2+ 20. Kh1 R8g7 21. Nh5 Rg8 22. Nf6 $146 ({Predecessor:} 22. Ra2 Nce7 23. Nf4 R2g7 24. Ra1 {½-½ (24) Abhishek,D (2325)-Gorti,A (2255) Barbera del Valles 2018}) 22... R8g7 23. Nh5 Rg8 24. Nf6 1/2-1/2

[Event "Sabadell Open 2018"]
[Site "Sabadell"]
[Date "2018.09.02"]
[Round "2"]
[White "Arias, Daniel"]
[Black "Munoz, Miguel"]
[Result "1/2-1/2"]
[WhiteElo "2274"]
[BlackElo "2471"]
[Annotator "TA"]
[PlyCount "47"]
[EventDate "2018.09.01"]
[EventType "swiss"]
[EventCountry "ESP"]
[SourceTitle "playchess.com"]
[Source "ChessBase"]
[SourceQuality "1"]

{[%evp 18,47,72,72,93,93,120,64,66,65,73,0,0,0,0,0,0,0,0,0,0,0,0,0,0,6,6,0,0,-66,0,-1362]} 1. e4 d5 2. exd5 Qxd5 3. Nc3 Qa5 4. d4 Nf6 5. Bd2 Qb6 6. Nf3 Bg4 {B01: Scandinavian Defence} 7. h3 Bxf3 8. Qxf3 c6 9. O-O-O e6 10. g4 {[%cal Bg2g4,Bg4g5][%mdl 32] LiveBook: 6 Games} Nbd7 {[%cal Bb8d7,Bd7c5,Bc5a4][%mdl 32]} 11. g5 Nd5 12. Ne4 (12. Nxd5 $16 cxd5 13. c3) 12... Qxd4 $14 13. c4 Nc5 $146 ({Of course not} 13... Ne5 14. Qe2 $16) ({Predecessor:} 13... Ne5 14. Qe2 Nb6 15. Bc3 Qxc4 16. Qc2 Qxa2 17. Bxe5 Qa1+ 18. Qb1 Qa5 19. Bc3 Qa4 20. Rd4 Qb3 21. Nd2 {1-0 (21) Guliyev,N (2579)-Todorov,T (2472) Montigny le Bretonneux 2016}) 14. Ng3 ({White should try} 14. g6 $16 hxg6 15. Ng5) 14... Na4 $11 {[%csl Ga4][%cal Rd4b2] [#]} 15. Qb3 Nc5 16. Qf3 {And now Be3 would win.} Na4 {[%csl Ga4][%cal Rd4b2]} 17. Qb3 Nc5 $36 {[%mdl 2048] Black fights for an advantage.} 18. Qf3 {[#] Strongly threatening Be3.} Na4 {[%csl Ga4][%cal Rd4b2]} 19. Qb3 Nc5 20. Qc2 Qxf2 {...Ne3 is the strong threat.} 21. cxd5 Qxg3 22. dxc6 bxc6 23. Kb1 (23. h4 $1 $11) 23... Be7 ({Better is} 23... Rd8 $15 24. h4 Be7) 24. Qb3 $2 {[%mdl 40960] An unexpected result.} (24. Bb4 $11 Qxg5 25. h4) 1/2-1/2

[Event "Sabadell Open 2018"]
[Site "Sabadell"]
[Date "2018.09.02"]
[Round "2"]
[White "Chavez, Ricardo Ernesto"]
[Black "Ayats Llobera, Gerard"]
[Result "1/2-1/2"]
[WhiteElo "2244"]
[BlackElo "2418"]
[Annotator "TA"]
[PlyCount "117"]
[EventDate "2018.09.01"]
[EventType "swiss"]
[EventCountry "ESP"]
[SourceTitle "playchess.com"]
[Source "ChessBase"]
[SourceQuality "1"]

{[%evp 27,117,0,0,0,0,-18,-17,-41,-28,-46,-42,-39,-24,-50,-14,-6,125,24,74,-47,-66,-52,-33,-146,-10,-14,6,-277,104,91,102,108,110,112,100,101,101,105,112,106,105,105,133,100,147,151,150,163,192,143,129,132,130,131,131,133,277,239,268,213,318,227,222,8,323,326,319,327,333,325,362,363,383,385,539,468,441,616,611,599,581,566,516,481,29957,29958,29958,29964,29952,29957,29983,29984]} 1. e4 {[%cal Be2e4,Be4e5][%mdl 32]} Nf6 2. e5 Nd5 3. c4 Nb6 4. d4 d6 5. exd6 cxd6 6. Nc3 g6 7. Be3 Bg7 8. Rc1 O-O 9. b3 Bf5 10. Nf3 {B03: Alekhine's Defence: Four Pawns Attack} (10. d5 e5 11. dxe6 Bxe6 12. Nge2 d5 13. c5 Nc6 14. Nd4 Bxd4 15. Bxd4 Re8 16. cxb6 Qh4 17. Ne2 axb6 {1-0 (38) Xiong,J (2618)-Kamsky,G (2678) Saint Louis 2016 CBM 172 [Mekhitarian,K]}) 10... d5 11. c5 Nc8 {[%cal Bb6c8,Bc8e7,Be7f5,Bf5e3][%mdl 32]} 12. Be2 Nc6 13. O-O Bg4 14. h3 Bxf3 $1 {LiveBook: 7 Games} 15. Bxf3 e6 16. Qd2 N8e7 17. Nb5 Nf5 18. Bg4 $146 Nxe3 19. fxe3 h5 20. Bf3 Bh6 21. Nd6 e5 (21... b6 $11 {remains equal.}) 22. Bxd5 ({White has to play} 22. dxe5 $1 $16 d4 23. Rce1) 22... exd4 $11 23. Qc2 (23. Nxf7 $2 Qxd5 24. Nxh6+ Kg7 $19) (23. Rce1 $16) 23... Bxe3+ $15 24. Kh1 {White wants to mate with Qxg6+.} Kg7 $1 25. Bxf7 ({Better is} 25. Rce1 $15) 25... Qg5 (25... Ne5 $17 26. Bd5 Bxc1 27. Rxc1 Qg5) 26. Rcd1 $11 Ne5 {[%cal Re5f7]} 27. Be6 $2 {[%mdl 8192]} (27. Qe4 $1 $11 {and White stays safe.}) 27... Bf4 $2 ({Black should try} 27... Rxf1+ $1 $19 28. Rxf1 Rf8) 28. Qe4 $36 {[%mdl 2048] White has strong initiative.} Qg3 {[%csl Gf4][%cal Rg3h2]} 29. Rxf4 $1 Qxf4 {[#]} 30. Nf5+ $1 {[%mdl 512]} Rxf5 31. Bxf5 Qxe4 32. Bxe4 {[%mdl 4096] Endgame KRB-KRN} Rc8 33. Bxb7 Rxc5 34. Rxd4 Kf6 35. Kh2 g5 36. Rd6+ Kf5 {[#]} 37. Ra6 $1 Rc3 38. Bd5 g4 39. Be6+ Kg5 {( -> ...g3+)} 40. hxg4 hxg4 {intending ...Kh4.} 41. Rxa7 g3+ (41... Rc2 $16 {might work better.} 42. Ra8 Ng6) 42. Kh3 $18 Ng6 {[%cal Rg6f4] [#]} 43. Ra5+ $1 Kf4 (43... Kf6 $142) 44. Rf5+ Ke4 {next ...Nf4+ is good for Black.} 45. Rf3 $2 (45. Kg4 $18) 45... Rc5 $2 {[%mdl 8192]} (45... Rxf3 $11 {and Black has nothing to worry.} 46. gxf3+ Kxf3 47. Bd5+ Kf2) 46. Kxg3 Rg5+ 47. Kh2 Nf4 48. Bh3 $1 Rc5 49. a4 {[%cal Ba2a4,Ba4a5,Ba5a6,Ba6a7][%mdl 32]} Rc2 50. b4 Rb2 51. a5 Rxb4 {If Black can now play ...Ra4 this consolidates a bit.} 52. Ra3 Rb7 53. a6 Ra7 54. Bc8 Rh7+ 55. Kg1 Rf7 (55... Ra7 $18 56. Bb7+ Kf5 57. Ra5+ Ke6) 56. Bb7+ {White mates.} Kd4 57. a7 Ne2+ 58. Kh2 Rh7+ 59. Rh3 {[%mdl 32768] Precision: White = 43%, Black = 26%. . An unexpected result.} 1/2-1/2

[Event "Sabadell Open 2018"]
[Site "Sabadell"]
[Date "2018.09.02"]
[Round "2"]
[White "Torralba Brosa, Marc"]
[Black "Juan Bartroli, Marc"]
[Result "1/2-1/2"]
[WhiteElo "1809"]
[BlackElo "2067"]
[Annotator "NA"]
[PlyCount "63"]
[EventDate "2018.09.01"]
[EventType "swiss"]
[EventCountry "ESP"]
[SourceTitle "playchess.com"]
[Source "ChessBase"]
[SourceQuality "1"]
[TimeControl "5400+30"]

1. e4 {[%emt 0:00:00]} c6 {[%emt 0:00:00]} 2. d4 {[%emt 0:00:00]} d5 {[%emt 0:00:11]} 3. Nc3 {[%emt 0:00:00]} dxe4 {[%emt 0:00:17]} 4. Nxe4 {[%emt 0:00:00]} Bf5 {[%emt 0:00:18]} 5. Ng3 {[%emt 0:00:07]} Bg6 {[%emt 0:00:19]} 6. h4 {[%emt 0:00:06]} h6 {[%emt 0:00:20]} 7. Nf3 {[%emt 0:00:07]} Nd7 {[%emt 0:00:16]} 8. h5 {[%emt 0:00:08]} Bh7 9. Bd3 {[%emt 0:00:05]} Bxd3 {[%emt 0:00:37]} 10. Qxd3 {[%emt 0:00:07]} e6 {[%emt 0:00:16]} 11. Bd2 {[%emt 0:00:54]} Ngf6 {[%emt 0:00:30]} 12. O-O-O {[%emt 0:00:21]} Be7 {[%emt 0:00:25]} 13. Kb1 {[%emt 0:00:06]} Qb6 {[%emt 0:00:24] B19: Classical Caro-Kann: 4...Bf5 main line} 14. Ne4 {[%emt 0:03:10]} Rd8 {[%emt 0:00:43]} 15. g4 {[%emt 0:04:28]} Nxg4 {[%emt 0:08:36]} 16. Qe2 {[%emt 0:03:39] [#]} ({White should try} 16. Rhg1 $1 $11 f5 17. Qc4) 16... c5 $146 {[%emt 0:05:40]} ({Predecessor:} 16... Qb5 17. c4 Qf5 18. Ka1 Ngf6 19. Ng3 Qh7 20. Bc3 O-O 21. d5 cxd5 22. cxd5 {0-1 (29) Mueller,M (2057)-Donchenko,A (2587) Maastricht 2018}) 17. Rdg1 {[%emt 0:01:15]} f5 {[%emt 0:07:47] [#]} 18. dxc5 $2 {[%emt 0:03:44]} (18. Ba5 $1 $16 {[%cal Ra5b6] keeps the pressure on.} Qxa5 19. Nd6+ Bxd6 20. Qxe6+ Be7 21. Re1) 18... Nxc5 {[%emt 0:07:13]} 19. Nxc5 {[%emt 0:00:16]} Bxc5 {[%emt 0:00:48]} 20. Re1 {[%emt 0:09:45]} Kf7 $2 {[%emt 0:12:48] [#]} ({Doch nicht} 20... Bxf2 $6 {[#]} 21. Ba5 $1 $11 {[%mdl 512]}) (20... O-O $17 21. Qxe6+ Qxe6 22. Rxe6 Nxf2) 21. Ba5 $1 {[%emt 0:12:03]} Qc6 $2 {[%emt 0:05:18] [#]} ({Wrong is} 21... Qxa5 $2 22. Qxe6+ Kf8 23. Nh4 $18) (21... Qa6 $14) 22. Bxd8 $2 {[%emt 0:01:09]} ({Der einzige Zug:} 22. Rhg1 $1 $18 Qd5 23. Rxg4 fxg4 24. Ne5+ Kg8 25. Bxd8 Qxd8 26. Qxg4) 22... Rxd8 {[%emt 0:00:02]} 23. Rhg1 {[%emt 0:07:38]} Qb6 {[%emt 0:03:35]} 24. Rxg4 {[%emt 0:05:44]} fxg4 {[%emt 0:02:00]} 25. Ne5+ {[%emt 0:00:16]} Kg8 {[%emt 0:09:38]} 26. Qxg4 {[%emt 0:03:31]} Bxf2 {[%emt 0:11:36]} 27. Nc4 $17 {[%emt 0:08:24]} (27. Re4 $15) 27... Qc6 {[%emt 0:09:53]} 28. Rf1 {[%emt 0:04:59]} Rd4 {[%emt 0:10:31]} 29. Qe2 {[%emt 0:00:32]} Qxc4 {[%emt 0:01:42]} 30. Qxf2 {[%emt 0:00:15]} Rd2 31. Qf7+ Kh7 32. Qf8 1/2-1/2